Be sure the price is right (Record no. 84554)
[ view plain ]
| 000 -LEADER | |
|---|---|
| fixed length control field | 01126cad a22002295a 4500 |
| 001 - CONTROL NUMBER | |
| control field | L158303 |
| 008 - FIXED-LENGTH DATA ELEMENTS--GENERAL INFORMATION | |
| fixed length control field | 121219e2014 xxk 000 0 eng d |
| 035 ## - SYSTEM CONTROL NUMBER | |
| System control number | (Sirsi) u158303 |
| 041 0# - LANGUAGE CODE | |
| Language code of text/sound track or separate title | eng |
| 100 1# - MAIN ENTRY--PERSONAL NAME | |
| Personal name | Bolton King, Peter |
| 245 00 - TITLE STATEMENT | |
| Title | Be sure the price is right |
| 260 ## - PUBLICATION, DISTRIBUTION, ETC. | |
| Date of publication, distribution, etc. | 2014 |
| 490 ## - SERIES STATEMENT | |
| Series statement | RICS Property Journal |
| Volume/sequential designation | December 2014-January 2015, 10-11(2) |
| 520 ## - SUMMARY, ETC. | |
| Summary, etc. | Gives the RICS view on a recent ASA ruling on guide and reserve prices that will affect auctioneers in all fields. |
| 520 ## - SUMMARY, ETC. | |
| Summary, etc. | Recommended reading: The ASA adjudication is available in full at http://bit.ly/1wePtjt. The relevant RICS guidance note is Auctioneers selling real estate, 6th edition, L158304, (ISBN 9781783210060). Consumer and business protection regulations at http://www.rics.org/en/regulation1/firm-and-individual-guidance/consumer-and-business-protection-regulations/. |
| 650 24 - SUBJECT ADDED ENTRY--TOPICAL TERM | |
| Topical term or geographic name entry element | ADVERTISING STANDARDS |
| 650 24 - SUBJECT ADDED ENTRY--TOPICAL TERM | |
| Topical term or geographic name entry element | CONSUMER PROTECTION FROM UNFAIR TRADING REGULATIONS 2008 |
| 651 #4 - SUBJECT ADDED ENTRY--GEOGRAPHIC NAME | |
| Geographic name | United Kingdom |
| 690 ## - LOCAL SUBJECT ADDED ENTRY--TOPICAL TERM (OCLC, RLIN) | |
| Topical term or geographic name as entry element | Auctioneering |
| 9 (RLIN) | 6218 |
| 710 ## - ADDED ENTRY--CORPORATE NAME | |
| Corporate name or jurisdiction name as entry element | Royal Institution of Chartered Surveyors |
| 9 (RLIN) | 4900 |
| 942 ## - ADDED ENTRY ELEMENTS (KOHA) | |
| Suppress in OPAC | 0 |
| Source of classification or shelving scheme | Dewey Decimal Classification |
| Withdrawn status | Lost status | Source of classification or shelving scheme | Damaged status | Not for loan | Home library | Current library | Shelving location | Date acquired | Total Checkouts | Full call number | Barcode | Date last seen | Copy number | Price effective from | Koha item type |
|---|---|---|---|---|---|---|---|---|---|---|---|---|---|---|---|
| Dewey Decimal Classification | London | London | Journal article | 04/12/2014 | L158303 | 158303-3001 | 06/08/2019 | 1 | 06/08/2019 | Journal article |